[Event "HCL-B3883"]
[Site "www.playchess.de"]
[Date "2006.03.05"]
[Round "3"]
[White "pirracas"]
[Black "superyetkin"]
[WhiteElo "1539"]
[BlackElo "1290"]
[PlyCount "102"]
[Result "0-1"]

1.e4 b6 2.Bc4 Bb7 3.d3 Nf6 4.Bg5 h6 5.Bxf6 exf6 
6.Qh5 g6 7.Qf3 Nc6 8.Ne2 Ne5 9.Qg3 Nxc4 10.dxc4 
Qe7 11.f3 O-O-O 12.O-O Qc5+ 13.Kh1 Bd6 14.Qh4 Qg5 
15.Qxg5 fxg5 16.Nbc3 Be5 17.b4 f5 18.c5 Ba6 19.b5 
Bxc3 20.Nxc3 Bb7 21.cxb6 axb6 22.Rfe1 fxe4 23.Nxe4 
Bxe4 24.Rxe4 Rde8 25.Rae1 Kd8 26.Kg1 Rxe4 27.Rxe4 
Re8 28.Rxe8+ Kxe8 29.Kf2 Ke7 30.Ke3 Ke6 31.Kd4 c5+ 
32.Ke3 d5 33.a4 Kd6 34.f4 Ke6 35.fxg5 hxg5 36.Kf3 
c4 37.Kg4 d4 38.Kf3 Kd6 39.Ke4 Kc5 40.g4 
{(offering draw)}  d3 {I think I have a chance}  
41.Ke3 dxc2 42.Kd2 Kb4 43.Kxc2 Kxa4 44.Kc3 
{(offering draw)}  Kxb5 {I am about to win}  45.h3 
Ka4 46.Kxc4 b5+ 47.Kc3 Ka3 48.Kc2 b4 49.Kb1 Kb3 
50.Ka1 Kc2 51.h4 b3 0-1

[Event "HCL-A2617"]
[Site "www.playchess.de"]
[Date "2006.03.05"]
[Round "26"]
[White "Wernswig"]
[Black "victorabiodun03"]
[WhiteElo "1381"]
[BlackElo "1579"]
[PlyCount "40"]
[Result "0-1"]

1.e4 {hello, good luck}  e6 2.f4 e5 3.Nf3 d6 4.Bc4 
exf4 5.d4 Be7 6.Bxf4 Bg4 7.O-O Bxf3 8.Qxf3 Nf6 
9.e5 dxe5 10.dxe5 Nfd7 11.Qxb7 Nb6 12.Be3 N8d7 
13.Bxf7+ Kf8 14.e6 Nf6 15.Nc3 Qc8 16.Qf3 c6 17.g4 
h6 18.h4 Qc7 19.g5 hxg5 20.hxg5 
Qh2+ 0-1

[Event "HCL-C4190"]
[Site "www.playchess.de"]
[Date "2006.03.06"]
[Round "2"]
[White "Skipper_Robert"]
[Black "Milosforman"]
[WhiteElo "963"]
[BlackElo "1015"]
[PlyCount "40"]
[Result "0-1"]

1.e4 c5 2.d4 d6 3.Bc4 e6 4.Qf3 Be7 5.d5 e5 6.Be3 
h5 7.Nc3 Bg4 8.Qg3 Bh4 9.Bg5 Qxg5 10.Qe3 Qxe3+ 
11.Nge2 Bxf2+ 12.Kf1 Nf6 13.Bb5+ Nbd7 14.Rd1 Bxe2+ 
15.Nxe2 Nxe4 16.Rd3 Nd2+ 17.Rxd2 Qxd2 18.Kxf2 Qxc2 
19.Rc1 Qxb2 20.Bd3 Qxa2 0-1

[Event "HCL-C4152"]
[Site "www.playchess.de"]
[Date "2006.03.06"]
[Round "1"]
[White "Kelthek"]
[Black "Milosforman"]
[WhiteElo "712"]
[BlackElo "938"]
[PlyCount "60"]
[Result "0-1"]

1.e4 c5 2.c3 e6 3.d4 Nf6 4.e5 Nd5 5.Bb5 a6 6.Bc4 
Nb6 7.Na3 Nxc4 8.Nxc4 b5 9.Nd6+ Bxd6 10.Nf3 c4 
11.Bg5 Be7 12.Qd2 Bb7 13.Qe3 Bxf3 14.gxf3 Bxg5 
15.f4 Bh4 16.Rg1 g6 17.Qf3 Nc6 18.d5 Na5 19.b4 Nb3 
20.axb3 cxb3 21.Rb1 Qb6 22.Rg2 Rc8 23.Rxb3 Rc4 
24.Qe3 Qxe3+ 25.Kf1 Qc1+ 26.Ke2 Qc2+ 27.Kf3 Qe4+ 
28.Kg4 Qxf4+ 29.Kh3 Qf5+ 30.Rg4 
Qxg4+ 0-1

[Event "HCL-A2505"]
[Site "www.playchess.de"]
[Date "2006.03.06"]
[Round "33"]
[White "Genesio"]
[Black "taroak"]
[WhiteElo "1065"]
[BlackElo "1425"]
[PlyCount "66"]
[Result "0-1"]

1.e4 {Welcome!}  g6 2.d4 c5 {Graci}  3.Nf3 cxd4 
4.Nxd4 Nc6 5.c3 Bg7 6.Bc4 Nf6 7.Nxc6 bxc6 8.O-O 
O-O 9.Re1 e5 10.Bg5 d6 11.Nd2 Be6 12.Bxe6 fxe6 
13.Re3 h6 14.Bxf6 Qxf6 15.Qf3 d5 16.Qxf6 Bxf6 
17.Rh3 Kf7 18.Rxh6 Bg5 19.Rh7+ Kg8 20.Rc7 Bxd2 
21.Rxc6 Rf6 22.Rd1 Bh6 23.f3 dxe4 24.fxe4 Raf8 
25.h4 Be3+ 26.Kh2 R6f2 27.Rxe6 Rxb2 28.Rxg6+ Kh7 
29.h5 Rf4 30.Rd7+ Kh8 31.Rdg7 Rh4+ 32.Kg3 Bf2+ 
33.Kf3 Rf4+ 0-1

[Event "HCL-M900"]
[Site "www.playchess.de"]
[Date "2006.03.06"]
[Round "6"]
[White "fjpv"]
[Black "Ezechiel"]
[WhiteElo "2257"]
[BlackElo "1757"]
[PlyCount "25"]
[Result "1-0"]

1.e4 {Greetings from Portugal. Good luck.}  e6 
{Have fun! Michael/Ezechiel}  2.d4 {Greetings from 
Portugal. Good luck.
Surelly we both will have fun.
Fernando/fjpv}  d5 3.e5 c5 4.c3 Nc6 5.Nf3 cxd4 
6.cxd4 Bb4+ 7.Nc3 Nge7 8.Bd3 Bd7 9.O-O O-O 
10.Bxh7+ Kxh7 11.Ng5+ Kh8 12.Qh5+ {The only good 
move was Kg6. 
Mate on my next move. 
Good game and best of luck on the others}  Kg8 
{There was *no* good move ... even Kg4 looses}  
13.Qh7+ {Yes, you're right. Good luck} 
 1-0

[Event "HCL-C4123"]
[Site "www.playchess.de"]
[Date "2006.03.06"]
[Round "1"]
[White "Milosforman"]
[Black "Littlearza"]
[WhiteElo "930"]
[BlackElo "1585"]
[PlyCount "88"]
[Result "0-1"]

1.d4 d5 2.Nf3 Nf6 3.e3 Ne4 4.Nbd2 Bg4 5.h3 Bh5 
6.Be2 Nc6 7.Bb5 e6 8.Bxc6+ bxc6 9.g4 Bg6 10.Ne5 c5 
11.Nxg6 hxg6 12.Nxe4 dxe4 13.Bd2 cxd4 14.exd4 Qxd4 
15.Bc3 Qb6 16.Qd4 Qc6 17.b3 e3 18.Qa4 Qxa4 19.bxa4 
exf2+ 20.Kxf2 Bc5+ 21.Ke2 O-O 22.h4 Be7 23.g5 f6 
24.gxf6 Bxf6 25.Bxf6 gxf6 26.Rag1 Kg7 27.h5 g5 
28.h6+ Kh7 29.c4 Rfg8 30.Rg4 f5 31.Rd4 Rad8 
32.Rxd8 Rxd8 33.Ke3 g4 34.Kf4 Rd4+ 35.Kg5 g3 
36.Rg1 f4 37.Kg4 Rxc4 38.Rg2 e5 39.Kf5 Rc5 40.Ke4 
Kxh6 41.Kf5 Kg7 42.Ke6 e4 43.Re2 e3 44.Rb2 
f3 0-1

[Event "HCL-B3842"]
[Site "www.playchess.de"]
[Date "2006.03.06"]
[Round "4"]
[White "littleman"]
[Black "Menace"]
[WhiteElo "1200"]
[BlackElo "1200"]
[PlyCount "33"]
[Result "1-0"]

1.d4 d5 2.e3 Bf5 3.h3 Qd6 4.Nc3 e6 5.Nf3 Qc6 6.a3 
Nf6 7.Bb5 Qxb5 8.Nxb5 Na6 9.Ne5 O-O-O 10.g4 Bg6 
11.f3 Kb8 12.Bd2 h5 13.Qe2 Bxc2 14.Nxf7 Bd6 
15.Nxh8 Rxh8 16.Nxd6 cxd6 17.O-O 1-0

[Event "HCL-A2579"]
[Site "www.playchess.de"]
[Date "2006.03.06"]
[Round "3"]
[White "leyima"]
[Black "Nulnulnix"]
[WhiteElo "1317"]
[BlackElo "1297"]
[PlyCount "66"]
[Result "0-1"]

1.e4 e5 {Hi, enjoy this game}  2.Nf3 Nc6 3.Bc4 Be7 
4.a3 d6 5.d3 Bg4 6.h3 Bh5 7.g4 Bg6 8.h4 h6 9.h5 
Bh7 10.Be3 Qd7 11.Bd5 Qxg4 12.Bxc6+ bxc6 13.Nc3 f5 
14.exf5 Qxf5 15.Nh4 Qf7 16.Qf3 d5 17.Qxf7+ Kxf7 
18.O-O-O d4 19.Bxd4 exd4 20.Ne2 c5 21.Nf3 Bf6 
22.Nf4 Ne7 23.Rde1 Bf5 24.Nd2 g5 25.Ng2 Nd5 26.Nb3 
Rae8 27.Nxc5 Rxe1+ 28.Rxe1 Bg4 29.Ne4 Bxh5 30.Nxf6 
Kxf6 31.Rg1 Re8 32.Rh1 Kg6 33.Re1 
Rxe1+ 0-1

[Event "HCL-A2603"]
[Site "www.playchess.de"]
[Date "2006.03.06"]
[Round "10"]
[White "oyetola"]
[Black "Huib"]
[WhiteElo "1468"]
[BlackElo "1327"]
[PlyCount "34"]
[Result "0-1"]

1.e4 d5 2.Nc3 d4 3.Nce2 e5 4.Nf3 Nc6 5.c3 Nf6 
6.cxd4 exd4 7.Qa4 Nxe4 8.Nexd4 Qd5 9.Bb5 Bd7 
10.O-O O-O-O 11.Bxc6 Bxc6 12.Qxa7 Bc5 13.Qa8+ Kd7 
14.Qa5 b6 15.Qa6 Bxd4 16.Nxd4 Nc5 17.Qe2 
Qxg2+ 0-1

[Event "HCL-M890"]
[Site "www.playchess.de"]
[Date "2006.03.06"]
[Round "1"]
[White "ZorMaster"]
[Black "Eyechess"]
[WhiteElo "1813"]
[BlackElo "2026"]
[PlyCount "76"]
[Result "0-1"]

1.d4 {Best of luck, greetings}  Nf6 {Same to you}  
2.c4 c5 3.d5 b5 4.cxb5 a6 5.bxa6 Bxa6 6.Nc3 g6 
7.e4 Bxf1 8.Kxf1 d6 9.Nf3 Nbd7 10.g3 Bg7 11.Be3 
O-O 12.Kg2 Qb6 13.Qc2 Rfb8 14.Rab1 Ng4 15.Bg5 h6 
16.h3 Nxf2 17.Qxf2 hxg5 18.Nxg5 Bf6 19.Rhf1 Ne5 
20.Nf3 Nd3 21.Qe3 Bxc3 22.Qxd3 Bxb2 23.Rf2 Rxa2 
24.Nd2 Qb4 25.Qe2 Ra1 26.Rxa1 Bxa1 27.Nc4 Bd4 
28.Rf1 Qc3 29.Rf3 Qa1 30.Rf1 Qa4 31.Rc1 Rb3 32.h4 
Qa6 {So are you friends with  Michel?}  33.Qd2 
{And who is Michel? maik42? I have non specific 
chess fiends here, I respect everyone and with a  
few i am a little bit closer but all with a 
distance}  Rb4 {ok}  34.Qc2 Qb5 35.Qd3 Ra4 36.g4 
Ra2+ 37.Kg3 Be5+ 38.Kf3 Rh2 0-1

[Event "HCL-B3890"]
[Site "www.playchess.de"]
[Date "2006.03.06"]
[Round "9"]
[White "odin"]
[Black "chessH"]
[WhiteElo "1218"]
[BlackElo "1282"]
[PlyCount "71"]
[Result "1-0"]

1.e4 e5 2.Nf3 d6 3.Nc3 Be7 4.Bc4 Nf6 5.O-O O-O 
6.h3 Nc6 7.Re1 a6 8.a3 Na5 9.Ba2 h6 10.d4 exd4 
11.Nxd4 c5 12.Nf3 b5 13.Nd5 Be6 14.Bd2 Nc6 15.Bc3 
b4 16.axb4 cxb4 17.Nxb4 Nxb4 18.Bxb4 Qb6 19.Bc3 
Rfe8 20.Bd4 Qc7 21.e5 dxe5 22.Bxe5 Qb6 23.Bxe6 
fxe6 24.Bd4 Bc5 25.Bxc5 Qxc5 26.Re5 Qb6 27.Rb1 
Rad8 28.Qe2 Kf7 29.Nd2 Rd7 30.Nc4 Qd4 31.b3 Rd5 
32.Rxd5 Qxd5 33.Rd1 Qg5 34.Nd6+ Ke7 35.Nxe8 Kxe8 
36.Qxe6+ 1-0

[Event "HCL-B3875"]
[Site "www.playchess.de"]
[Date "2006.03.06"]
[Round "9"]
[White "vulcan"]
[Black "Madbg"]
[WhiteElo "1133"]
[BlackElo "1200"]
[PlyCount "46"]
[Result "0-1"]

1.e4 e6 2.d4 d5 3.Nc3 Nc6 4.Bb5 Bb4 5.Bd2 a6 6.Ba4 
Bd7 7.exd5 exd5 8.Nf3 Nf6 9.h3 Qe7+ 10.Ne2 Bxd2+ 
11.Qxd2 O-O 12.O-O Ne4 13.Qe3 Nb4 14.c3 Bxa4 
15.cxb4 Qxb4 16.b3 Bb5 17.Rfc1 Rfe8 18.Qf4 Bxe2 
19.Nh2 Qxd4 20.Rce1 Qd3 21.f3 Qd4+ 22.Kh1 Nf2+ 
23.Kg1 Qxf4 0-1

[Event "HCL-T251"]
[Site "www.playchess.de"]
[Date "2006.03.06"]
[Round "10"]
[White "Ezechiel"]
[Black "BDG_Girl"]
[WhiteElo "1786"]
[BlackElo "2123"]
[PlyCount "52"]
[Result "0-1"]

1.e4 e5 2.Nf3 f5 3.Bc4 fxe4 4.Nxe5 {Hi BDG - back 
in business ?!?}  Qg5 5.Nf7 Qxg2 6.Rf1 d5 7.Nxh8 
Nf6 8.Bxd5 Bg4 9.f3 Bxf3 10.Rxf3 exf3 11.Qxf3 Qg1+ 
12.Ke2 c6 13.Bf7+ Kd7 14.Qh3+ Ng4 15.Qg3 Qxc1 
16.Qxg4+ Kc7 17.Qg3+ Bd6 18.Qxg7 Nd7 19.Be6 Rd8 
20.Nf7 Re8 21.Ng5 Re7 22.Qc3 a6 23.Kf2 Bxh2 24.Qh3 
Qg1+ 25.Ke2 {I had a very solid attack - but you 
played flawless ...}  Qxg5 {I've played the 
Latvian Gambit for years!  My dad has played in 
the Latvian Gambit World Championships via 
correspondence chess.  You had a forced win, but 
misplayed it!}  26.Qxh2+ Kc8 0-1

[Event "HCL-M888"]
[Site "www.playchess.de"]
[Date "2006.03.06"]
[Round "4"]
[White "temple"]
[Black "docjan"]
[WhiteElo "1731"]
[BlackElo "2247"]
[PlyCount "30"]
[Result "0-1"]

1.d4 {Hello from Canada,good luck.}  Nf6 2.c4 g6 
3.Nc3 Bg7 4.e4 d6 {hello}  5.f4 {Hi}  c5 6.d5 O-O 
7.Nf3 Qa5 8.Bd3 Nxd5 9.exd5 Bxc3+ 10.Bd2 Bxd2+ 
11.Qxd2 Qb6 12.O-O e6 13.b3 exd5 14.cxd5 c4+ 
15.Qf2 cxd3 0-1

[Event "HCL-M893"]
[Site "www.playchess.de"]
[Date "2006.03.06"]
[Round "4"]
[White "temple"]
[Black "sheep"]
[WhiteElo "1731"]
[BlackElo "1778"]
[PlyCount "50"]
[Result "0-1"]

1.d4 {Hello,g.l.}  Nf6 {thanks, same to you}  2.c4 
e5 3.d5 Bc5 4.Nc3 d6 5.e4 Ng4 6.Nh3 Qh4 7.g3 Qf6 
8.Qe2 Qg6 9.Bg2 O-O 10.O-O f5 11.exf5 Bxf5 12.Kh1 
Bd3 13.Qd2 Bxf1 14.Bxf1 Bxf2 15.Bg2 Be3 16.Qe2 
Nf2+ 17.Nxf2 Bxf2 18.Be4 Qf7 19.Kg2 Nd7 20.Be3 
Bxe3 21.Qxe3 Nf6 22.Bf3 a6 23.b4 Rae8 24.Be4 Ng4 
25.Qe2 Qh5 0-1

[Event "HCL-E1581"]
[Site "www.playchess.de"]
[Date "2006.03.06"]
[Round "8"]
[White "pawnstorm"]
[Black "guanzi"]
[WhiteElo "1523"]
[BlackElo "1614"]
[PlyCount "50"]
[Result "0-1"]

1.e4 c6 2.d3 g6 3.Nf3 Bg7 4.g3 d5 5.Nbd2 dxe4 
6.Nxe4 Nf6 7.Nc3 Bg4 8.Bg2 O-O 9.O-O Nbd7 10.Bg5 
Qb6 11.Qd2 Rfd8 12.h3 Bxf3 13.Bxf3 e6 14.Ne4 Nxe4 
15.Bxe4 Nf6 16.Bg2 Rd7 17.Rab1 Nh5 18.Bh6 Bxh6 
19.Qxh6 Nxg3 20.Rfe1 Nf5 21.Qg5 Rad8 22.h4 h5 
23.b3 Kg7 24.Re2 Qd4 25.Rbe1 Qxh4 0-1

[Event "HCL-B3876"]
[Site "www.playchess.de"]
[Date "2006.03.06"]
[Round "2"]
[White "kadarzol"]
[Black "arsenius"]
[WhiteElo "1200"]
[BlackElo "891"]
[PlyCount "49"]
[Result "1-0"]

1.e4 {hi, good luck}  e6 2.d4 d5 3.e5 c5 4.c3 Nc6 
5.Bb5 Bd7 6.Ba4 Qb6 7.Nf3 Nh6 8.b3 Nf5 9.Bb2 cxd4 
10.Bxc6 bxc6 11.Nxd4 Nxd4 12.Qxd4 c5 13.Qg4 g6 
14.Nd2 Bg7 15.Qg3 Bb5 16.Rc1 O-O 17.c4 dxc4 
18.Nxc4 Bxc4 19.Rxc4 Qa5+ 20.Qc3 Qxa2 21.O-O Rab8 
22.b4 Rfc8 23.Ra1 Bxe5 24.Qxe5 Qxc4 
25.Qg7+ 1-0

[Event "HCL-T256"]
[Site "www.playchess.de"]
[Date "2006.03.06"]
[Round "11"]
[White "abebebikila"]
[Black "gsmaior"]
[WhiteElo "1724"]
[BlackElo "2001"]
[PlyCount "62"]
[Result "0-1"]

1.e4 e5 2.f4 exf4 {greetings from Brazil, a nice 
game to you !}  3.Nf3 d5 4.exd5 Nf6 5.Bc4 Nxd5 
6.O-O Be7 7.d4 O-O 8.Bxd5 Qxd5 9.Bxf4 c6 10.c4 
Qxc4 11.Nbd2 Qd5 12.Qe2 Be6 13.b3 Re8 14.Nc4 Nd7 
15.Ne3 Qe4 16.Bg3 Bf6 17.Rad1 Bxb3 18.axb3 Qxe3+ 
19.Qxe3 Rxe3 20.d5 c5 21.Nd2 Rd3 22.Ne4 Bd4+ 
23.Kh1 Rxb3 24.Ng5 a5 25.Rxf7 Nf6 26.d6 h6 27.Rxf6 
gxf6 28.Nf3 a4 29.h4 a3 30.Nxd4 cxd4 31.Rxd4 
a2 0-1

[Event "HCL-M896"]
[Site "www.playchess.de"]
[Date "2006.03.06"]
[Round "9"]
[White "AJT"]
[Black "Emerson"]
[WhiteElo "1965"]
[BlackElo "1802"]
[PlyCount "49"]
[Result "1/2-1/2"]

1.e4 {Hi, best of luck. Greetings}  e5 {also 
welcome and good luck!}  2.Nf3 {ty}  Qe7 3.Nc3 c6 
4.d4 d6 5.Bc4 h6 6.a4 Bg4 7.Be2 Nf6 8.O-O g5 9.b4 
Bg7 10.dxe5 dxe5 11.Ba3 Bxf3 12.Bxf3 Qd7 13.Qb1 
O-O 14.Qb3 Re8 15.b5 Qe6 16.Qxe6 Rxe6 17.Rad1 Nbd7 
18.Bg4 Nxg4 19.Rxd7 cxb5 {(offering draw)}  
20.axb5 {I have a small advange right now, let's 
see how the game developed. We always can share 
points if the position is even.}  Rb8 21.Rc7 Nf6 
{yes, it´s a little advantage - I hope I can 
resist...}  22.f3 {always possible i think, i am 
not that strong as many others  here.}  Bf8 {we 
will see   :>)}  23.Ra1 {That is the trully 
spirit! :>)}  Ne8 24.Rd7 Nf6 25.Rd3 {(offering 
draw) yes we have a real draw, gg !} 
 1/2-1/2

[Event "HCL-E1573"]
[Site "www.playchess.de"]
[Date "2006.03.06"]
[Round "6"]
[White "yannick"]
[Black "ippuli"]
[WhiteElo "1532"]
[BlackElo "1608"]
[PlyCount "70"]
[Result "0-1"]

1.e4 {hi again good tournament}  e5 {To you, 
too....}  2.Nf3 f5 3.exf5 d6 4.d4 e4 5.Bg5 Nf6 
6.Nh4 Nbd7 7.Be2 Be7 8.Nc3 O-O 9.Qd2 h6 10.Bxh6 
gxh6 {You are expert of this sacrifice!!}  11.Qxh6 
{thanks but it's doesn't work every time}  Rf7 {I 
know...}  12.Ng6 Rh7 13.Bc4+ d5 {I didn't see that 
at all.....}  14.Nxe7+ {let's go}  Qxe7 {Ok...}  
15.Nxd5 Nxd5 16.Bxd5+ Kh8 17.Qe3 Nf6 18.Qb3 Bxf5 
19.Bxb7 Rb8 20.d5 Bc8 21.Bxc8 Rxb3 22.axb3 Nxd5 
23.Rxa7 Nf4 24.g3 Nh3 25.Bf5 e3 26.Ra8+ Kg7 27.f3 
Nf2 28.O-O Rh6 29.Ra5 Qb4 30.Re5 Qd2 31.Re7+ Kf8 
32.Rxc7 e2 33.Rd7 exf1Q+ {Harashoo...}  34.Kxf1 
Qc1+ 35.Kxf2 Rxh2+ {Thank you!! :)} 
 0-1

[Event "HCL-E1536"]
[Site "www.playchess.de"]
[Date "2006.03.06"]
[Round "10"]
[White "ippuli"]
[Black "wurmt"]
[WhiteElo "1614"]
[BlackElo "1506"]
[PlyCount "64"]
[Result "0-1"]

1.e4 {Hello! Good luck....}  e5 {Hello. Happy New 
Year!}  2.d4 {Thank's, same to you...}  exd4 3.c3 
dxc3 4.Bc4 cxb2 5.Bxb2 Bb4+ 6.Nc3 Nf6 7.Bxf7+ Kf8 
8.Qb3 Qe7 9.Bc4 Qxe4+ 10.Be2 Nc6 11.Nf3 d6 12.Ng5 
Qg6 13.f4 h6 14.Ne6+ Bxe6 15.Qxe6 Re8 16.Qc4 Qxg2 
17.Rf1 Qxh2 18.Kd1 Nd4 19.Bd3 Qxb2 20.Rb1 Qxc3 
21.Qxb4 Qxb4 22.Rxb4 {Why not Qxd3+...}  Nc6 
23.Rxb7 Re7 24.Bb5 Nd4 25.Rb8+ Ne8 26.Bc4 Nf5 
27.Kd2 Ne3 28.Rc1 Nxc4+ 29.Rxc4 h5 30.Ra8 h4 31.f5 
h3 32.Rf4 Rh6 0-1

[Event "HCL-E1581"]
[Site "www.playchess.de"]
[Date "2006.03.06"]
[Round "7"]
[White "guanzi"]
[Black "ippuli"]
[WhiteElo "1614"]
[BlackElo "1608"]
[PlyCount "64"]
[Result "1/2-1/2"]

1.c4 c5 {Hi! Good luck....}  2.Nc3 {hello from 
stockholm and gl2u2.}  Nf6 3.Nf3 Nc6 4.g3 e5 5.Bg2 
h6 6.O-O g5 7.e3 d6 8.d4 Bg4 9.Qa4 Qd7 10.dxe5 
dxe5 11.Rd1 Qe6 {Russian-Sweden 5-0! Det kan inte 
vara sant....}  12.Nd5 {Katastrofalt! Sverige 
spelade så ruttet.}  O-O-O {Vad tror du, vilket 
land ska vinna?}  13.h3 {Inte Sverige i varje 
fall. Kanske Kanada. Vad tror du?}  Bxf3 {Hoppas 
Finnland eller Russia. Kanske Kanada ska vinna men 
jag vill inte det..}  14.Bxf3 h5 15.Nxf6 Qxf6 
16.Rxd8+ Kxd8 17.Bxc6 Qxc6 18.Qxc6 bxc6 19.b3 e4 
{(offering draw)}  20.Bb2 {Din dubbelbonde ger mig 
en liten fördel. Låt oss spela lite längre för att 
se om jag kan dra nytta av det eller inte.}  Rg8 
{Det passar bra...}  21.Rd1+ Ke7 22.Kg2 Bg7 
23.Bxg7 Rxg7 24.f3 exf3+ 25.Kxf3 Rg6 26.Rd2 f5 
27.Re2 Re6 28.e4 fxe4+ 29.Rxe4 Rxe4 30.Kxe4 Ke6 
31.h4 Kf6 32.a3 a5 {(offering draw)} 
 1/2-1/2

[Event "HCL-C4082"]
[Site "www.playchess.de"]
[Date "2006.03.06"]
[Round "11"]
[White "Milosforman"]
[Black "Grunert"]
[WhiteElo "918"]
[BlackElo "998"]
[PlyCount "69"]
[Result "1-0"]

1.d4 d5 2.Nf3 e6 3.e3 Nf6 4.Bd3 g6 5.Nc3 Bg7 6.h3 
O-O 7.O-O Re8 8.Re1 Nc6 9.a3 b6 10.Bb5 Bb7 11.Ne5 
Rf8 12.Nxc6 Bxc6 13.Bxc6 Rc8 14.Nb5 a6 15.Na7 Rb8 
16.Qd3 a5 17.c4 dxc4 18.Qxc4 Qd6 19.Nb5 Qd8 20.b4 
axb4 21.axb4 Ne8 22.e4 Nd6 23.Nxd6 Qxd6 24.e5 Qe7 
25.Re4 f5 26.Re2 Qd8 27.Qxe6+ Kh8 28.Bb2 Re8 
29.Bxe8 Qxe8 30.Qxe8+ Rxe8 31.Rc1 Rc8 32.e6 Rd8 
33.Rxc7 Bxd4 34.Bxd4+ Rxd4 35.e7 1-0

[Event "HCL-C3880"]
[Site "www.playchess.de"]
[Date "2006.03.06"]
[Round "34"]
[White "Meerdap"]
[Black "cla114"]
[WhiteElo "1132"]
[BlackElo "938"]
[PlyCount "107"]
[Result "1-0"]

1.e4 e5 2.d3 Bc5 3.Nf3 Nc6 4.a3 Nh6 5.h3 O-O 
6.Bxh6 Qf6 7.Bg5 Qg6 8.Be3 d6 9.Bd2 Nd4 10.Nxd4 
Bxd4 11.c3 Bc5 12.a4 Qf6 13.f3 Qg6 14.b4 Bf2+ 
15.Kxf2 Be6 16.Ke1 Rae8 17.g4 d5 18.h4 dxe4 
19.dxe4 Red8 20.Qc1 b6 21.Bg5 f6 22.Be3 c5 23.Nd2 
cxb4 24.cxb4 a5 25.bxa5 bxa5 26.Bc4 Qf7 27.Bc5 
Rfe8 28.g5 fxg5 29.h5 Rd4 30.Bxd4 exd4 31.Bxe6 
Qxe6 32.Rh2 g4 33.f4 g3 34.Rg2 Qh3 35.Qc4+ Kf8 
36.Qe2 Qh1+ 37.Nf1 d3 38.Qf3 h6 39.e5 Rd8 40.Rd1 
Rc8 41.Rxd3 Rc1+ 42.Rd1 Rc4 43.Rd8+ Ke7 44.Rdd2 
Rc1+ 45.Rd1 Rc4 46.Qb7+ Ke6 47.Qd5+ Kf5 48.e6+ Kg4 
49.Rxg3+ Kxf4 50.Qxh1 Re4+ 51.Kf2 Rxe6 52.Rd4+ Kf5 
53.Qf3+ Ke5 54.Qf4+ 1-0

[Event "ACL-A649"]
[Site "www.playchess.de"]
[Date "2006.03.06"]
[Round "10"]
[White "pgschumy"]
[Black "wurmt"]
[WhiteElo "1574"]
[BlackElo "1412"]
[PlyCount "102"]
[Result "0-1"]

1.e4 {Hi! From Sofia, Bulgaria! gg}  e5 {Nice to 
meet you. Good luck.}  2.Nf3 Nc6 3.Bb5 a6 4.Ba4 
Nf6 5.Bxc6 dxc6 6.O-O Bd6 7.Re1 Bg4 8.h3 Be6 9.d4 
Nd7 10.c3 f6 11.dxe5 Nxe5 12.Nxe5 Bxe5 13.Qxd8+ 
Rxd8 14.Be3 Kf7 15.Nd2 Rd7 16.Nf3 Bd6 17.Nd4 Rhd8 
18.Nxe6 Kxe6 19.g3 Be7 20.Kg2 f5 21.f3 Bf6 
22.exf5+ Kxf5 23.Rac1 R7d3 24.Kf2 Re8 25.Re2 g5 
26.Rce1 h5 27.f4 gxf4 28.Bxf4 Rxe2+ 29.Rxe2 h4 
30.Bxc7 hxg3+ 31.Bxg3 Rd7 32.Kg2 Rh7 33.Rf2+ Kg6 
34.Rd2 Kf5 35.c4 Ke4 36.b3 Ke3 37.Rd6 Bc3 38.Re6+ 
Kd3 39.h4 Bb4 40.Kf3 Bc5 41.Re1 Kc3 42.Be5+ Kb4 
43.Rh1 Ka3 44.Rh2 Rh5 45.Bf4 Rf5 46.Kg4 Rxf4+ 
47.Kxf4 Bd6+ 48.Ke4 Bxh2 49.h5 Bd6 50.h6 Bf8 51.h7 
Bg7 0-1

[Event "HCL-A2597"]
[Site "www.playchess.de"]
[Date "2006.03.06"]
[Round "6"]
[White "Alex77"]
[Black "feight"]
[WhiteElo "1350"]
[BlackElo "1700"]
[PlyCount "71"]
[Result "1-0"]

1.e4 c6 2.d4 d5 3.e5 Bf5 4.Nc3 e6 5.g4 Bg6 6.Nge2 
Qh4 7.Ng3 Bb4 8.g5 Ne7 9.Bg2 O-O 10.Bd2 Nf5 11.a3 
Bxc3 12.bxc3 Nxg3 13.hxg3 Qxh1+ 14.Bxh1 Nd7 15.Qe2 
Nb6 16.Bc1 Nc4 17.Rb1 b6 18.a4 Rab8 19.f4 c5 
20.Rb3 Na5 21.Rb5 Nc6 22.dxc5 bxc5 23.Rxc5 Rb1 
24.Kd2 Ne7 25.Rc7 Nc8 26.Qa6 Rb8 27.Ba3 Re8 28.c4 
dxc4 29.Bb7 Rd8+ 30.Kc3 Nb6 31.Qxa7 Nd5+ 32.Bxd5 
exd5 33.Bd6 Rba8 34.Qb7 Be4 35.Kd4 g6 
36.Rxf7 1-0

[Event "HCL-A2617"]
[Site "www.playchess.de"]
[Date "2006.03.06"]
[Round "9"]
[White "Wernswig"]
[Black "PhilipKaveny"]
[WhiteElo "1381"]
[BlackElo "1324"]
[PlyCount "81"]
[Result "1-0"]

1.e4 {hi, have a nice game}  g6 {You also}  2.f4 
Bg7 3.e5 d5 4.d4 e6 5.Nf3 c5 6.c3 Nc6 7.Bb5 cxd4 
8.Nxd4 Bd7 9.Qa4 Nge7 10.Nd2 a6 {Better Luck this 
time for me}  11.Bd3 Nxd4 12.Qxd4 Nc6 13.Qf2 O-O 
14.O-O Ne7 15.Nf3 Bb5 16.Bxb5 axb5 17.Nd4 b4 
18.cxb4 Nc6 19.a3 Nxd4 20.Qxd4 Rc8 21.Bd2 Rc4 
22.Qd3 Re4 23.Rfe1 f5 24.b5 Bh6 25.g3 Qb6+ 26.Be3 
d4 27.Bf2 Rd8 28.Rxe4 fxe4 29.Qxe4 Qxb5 30.Bxd4 
Qd5 31.Qxd5 Rxd5 32.Bc3 Bf8 33.Kf2 Bc5+ 34.Ke2 Kf7 
35.Rd1 Ke7 36.Rxd5 exd5 37.Bb4 Bxb4 38.axb4 Ke6 
39.Kd3 g5 40.Kd4 gxf4 41.gxf4 1-0

[Event "HCL-A2535"]
[Site "www.playchess.de"]
[Date "2006.03.06"]
[Round "5"]
[White "Lennin"]
[Black "Chris"]
[WhiteElo "1504"]
[BlackElo "1615"]
[PlyCount "77"]
[Result "1-0"]

1.e4 {Hi!}  e6 2.Nf3 d5 3.e5 c5 4.d4 Nc6 5.c3 Qb6 
6.Na3 a6 7.Nc2 Bd7 8.Be2 Nge7 9.O-O Ng6 10.Rb1 Be7 
11.Bg5 O-O 12.Bxe7 Ngxe7 13.b4 cxd4 14.cxd4 Qc7 
15.Qd2 Rac8 16.Rfc1 b5 17.Na1 Qb6 18.Nb3 Rfd8 
19.Nc5 Be8 20.Bd3 Ng6 21.h4 Nf8 22.h5 Rc7 23.h6 
Ng6 24.Qg5 Rdc8 25.g3 Nce7 26.Kg2 R7c6 27.Rch1 Qd8 
28.Qh5 Nf5 29.Bxf5 exf5 30.hxg7 Kxg7 31.Qxh7+ Kf8 
32.Rh5 f4 33.g4 Bd7 34.Rf5 Bxf5 35.gxf5 Ne7 36.f6 
Ng6 37.Qg7+ Ke8 38.Qg8+ Nf8 39.Rh1 1-0

[Event "HCL-C4130"]
[Site "www.playchess.de"]
[Date "2006.03.06"]
[Round "21"]
[White "sweendog"]
[Black "Skipper_Robert"]
[WhiteElo "721"]
[BlackElo "986"]
[PlyCount "86"]
[Result "0-1"]

1.e4 e5 2.Nf3 d6 3.Bd3 Nc6 4.O-O Nf6 5.c4 Nb4 
6.Be2 d5 7.cxd5 Nxe4 8.d3 Nc5 9.d4 Ne4 10.a3 Nxd5 
11.Nxe5 f6 12.Ng4 h5 13.Ne3 Bf5 14.Nxf5 Qd7 15.Bd3 
Qxf5 16.Qe1 O-O-O 17.Bxe4 Qd7 18.a4 Re8 19.f3 g5 
20.Nc3 Bb4 21.Qd1 c6 22.Na2 Bd6 23.Nc3 Nf4 24.d5 
cxd5 25.Nxd5 Nxd5 26.Bxd5 Bc5+ 27.Kh1 h4 28.h3 
Red8 29.f4 Qxd5 30.Qxd5 Rxd5 31.a5 a6 32.Rb1 Rd4 
33.fxg5 fxg5 34.Rf5 Rd1+ 35.Kh2 Bd6+ 36.g3 Re8 
37.Rf2 hxg3+ 38.Kg2 Rde1 39.Kf3 Rf8+ 40.Kg4 gxf2 
41.Bxg5 Rxb1 42.h4 f1Q 43.Bh6 Qf5+ 0-1

[Event "HCL-B3860"]
[Site "www.playchess.de"]
[Date "2006.03.06"]
[Round "1"]
[White "evets"]
[Black "unclcarle"]
[WhiteElo "1392"]
[BlackElo "1057"]
[PlyCount "71"]
[Result "1-0"]

1.d4 e5 2.dxe5 Nc6 3.Nf3 d6 4.exd6 Bxd6 5.e4 Bg4 
6.Bb5 Nge7 7.O-O O-O 8.Bxc6 Nxc6 9.Nbd2 Bxf3 
10.Nxf3 Qf6 11.Re1 Be5 12.Nxe5 Qxe5 13.c3 Rad8 
14.Qb3 b6 15.Qc2 Rd6 16.g3 Rg6 17.Bf4 Qh5 18.Bxc7 
Re8 19.e5 Nxe5 20.Rxe5 Rxe5 21.Bxe5 Qxe5 22.Rd1 h6 
23.Rd8+ Kh7 24.Rd7 Qe6 25.Rxa7 Qd5 26.h4 Qc5 
27.Rxf7 b5 28.Ra7 h5 29.Ra6 Kg8 {Good move.  That 
should about do it.}  30.Qxg6 Qd5 31.Rd6 Qa8 
32.Re6 Qf8 33.Re8 Qxe8 34.Qxe8+ Kh7 35.Qxh5+ Kg8 
36.Qxb5 1-0

[Event "HCL-C4156"]
[Site "www.playchess.de"]
[Date "2006.03.06"]
[Round "6"]
[White "pytolo98"]
[Black "nicola"]
[WhiteElo "1160"]
[BlackElo "1111"]
[PlyCount "70"]
[Result "0-1"]

1.e4 e6 {hi}  2.d4 b6 3.Nf3 Bb7 4.Bd3 Nf6 5.Bg5 
Be7 6.a3 Nxe4 7.Bxe7 Qxe7 8.O-O O-O 9.Qe2 Nf6 
10.Ne5 d6 11.Nc4 Nc6 12.c3 Na5 13.Nxa5 bxa5 14.Nd2 
Rab8 15.Nc4 a4 16.Bc2 Bc6 17.Na5 Qd7 18.b3 axb3 
19.Bxb3 Ba4 20.Ba2 d5 21.Qa6 c6 22.Rab1 Ne4 23.Qd3 
Qc7 24.Nb3 Bb5 25.Qh3 Bxf1 26.Kxf1 Qf4 27.f3 Nxc3 
28.Rb2 Nxa2 29.Rxa2 Rxb3 30.Ra1 Rfb8 31.Re1 R3b1 
32.Kf2 Qxd4+ 33.Kf1 Rxe1+ 34.Kxe1 Rb2 35.Qh4 
Qg1+ 0-1